| 000 | 00000nam##2200000za#4500 |
| 001 | 9.614916 |
| 003 | CaOODSP |
| 005 | 20200706133926 |
| 007 | ta |
| 008 | 150406|1999||||xxc||||| f|0| 0 eng|d |
| 020 | |a0-660-17869-9 |
| 022 | |a1200-5223 |
| 040 | |aCaOODSP|beng |
| 043 | |an-cn--- |
| 086 | 1 |aCS11-0019/124E |
| 245 | 00|aNew views on inequality trends in Canada and the United States / |cby Michael C. Wolfson and Brian Murphy. |
| 260 | |aOttawa - Ontario : |bStatistics Canada. |c1999. |
| 300 | |a31p. : |bgraphs, references, tables ; |c28 cm. |
| 490 | 1 |aResearch paper series|x1200-5223|vNo. 124 |
| 500 | |a"This article addresses such conventional wisdom by focusing on a comparison of income inequality in Canada, and the United States over the past two decades. Given the similarity of the two countries' societies, as well as their close and growing economic integration, with the highest level of bilateral trade of any two countries in the world, this comparison provides an opportunity to assess the possible impact of globalization on the convergence of income inequality."--Page 2. |
| 520 | 3 |aThis article addresses such conventional wisdom by focusing on a comparison of income inequality in Canada, and the United States over the past two decades. Given the similarity of the two countries' societies, as well as their close and growing economic integration, with the highest level of bilateral trade of any two countries in the world, this comparison provides an opportunity to assess the possible impact of globalization on the convergence of income inequality.--Page 2 |
| 563 | |aSoftcover |
| 590 | |a99-49|b1999-12-10 |
| 710 | 2 |aStatistics Canada. |bAnalytical Studies Branch. |
| 720 | 1 |aWolfson, Michael C. |
| 720 | 1 |aMurphy, Brian |
| 775 | 08|tUne nouvelle perspective des tendances de l'inégalité des revenue au Canada et aux États-Unis / |w(CaOODSP)9.625104 |
| 776 | 0#|tNew views on inequality trends in Canada and the United States / |w(CaOODSP)9.574632 |
| 830 | #0|aResearch paper series,|x1200-5223|vNo. 124|w(CaOODSP)9.514463 |